000 00710cam a22002533a 4500
001 27067
003 PGUSA
005 20140828083602.0
008 081027s2008||||xxu|||||s|||||000 1 eng d
040 _aPGUSA
_beng
042 _adc
050 4 _aPR
100 1 _aTrollope, Anthony,
_d1815-1882
245 1 4 _aThe Fixed Period
_h[electronic resource] /
_cAnthony Trollope
260 _bProject Gutenberg,
_c2008
506 _aPublic domain in the USA.
516 _aElectronic text
653 _aAustralia -- Fiction
653 _aKilling of the elderly -- Fiction
653 _aFantasy fiction
830 0 _aProject Gutenberg
_v27067
856 4 0 _uhttp://www.gutenberg.org/ebooks/27067
942 _cEB
999 _c256322
_d256322